000 00660nam a2200217 a 4500
999 _c2641
_d2641
001 2641
003 BD-JhCC
005 20171105181429.0
008 171105s1982 bg |||| ||a| 000 0 ben d
035 _a(BD-JhCC) 2641
040 _aBD-JhCC
_dBD-JhCC
041 _aben
082 _a813.54
_bALH
100 _aআলহেলাল, বশীর
245 _aযুগোস্লাভিয়ার ছোটগল্প /
_c বশীর আলহেলাল
260 _aঢাকা :
_bবাংলা একাডেমী বাংলা ,
_c1982
300 _a90 p .:
_c22 cm .
650 _aShort Stories
942 _2ddc
_cBK